000 00264nam a2200109Ia 4500
008 190216s9999||||xx |||||||||||||| ||und||
100 _aDr.Rajendran C
245 0 _aDarkness Of A Thousand Suns
260 _bAngle Oraphics Mehtas
650 _aEnglish
942 _cBK
999 _c13509
_d13509